000 01075nam a2200313Ia 4500
008 170328s9999 xx 000 0 und d
020 _a958422560X \ 9789584225603
041 _aspa
100 _aStilton, Geronimo
245 0 _aLa sonrisa de Mona Ratisa /
_c Gernimo Stilton ; ilustraciones de Matt Wolf ; traducción de Manuel Manzano
250 _a4a reimpresión
300 _a118 páginas :
_b ilustraciones en color ;
_c 19 cm
500 _aTítulo original: Il sorrisso di Mona Topisa
650 _a Autores Italianos
650 _a Aventuras - Novela
650 _a Desde Los 9 Años
650 _a Humor - Novela
650 _a Literatura Infantil Italiana - Siglo Xxi
650 _a Ratones - Novela
650 _aNovela Infantil Italiana - Siglo Xxi
700 _aWolf, Matt \ Manzano, Manuel
264 _aBogotá :
_b Destino,
_c2016
336 _atexto
_btxt
_2rdacontent
337 _asin mediación
_bn
_2rdamedia
338 _avolumen
_bnc
_2rdacarrier
040 _aCO-BoRNBP
_bspa
_erda
_cCO-BoRNBP
084 _aN STI3
942 _2loc
999 _c8195
_d8195